| 000 | 00443nam a22001697a 4500 | ||
|---|---|---|---|
| 020 | _a9788189924690 | ||
| 082 |
_aH4 _bAAR/B |
||
| 100 | _aAarsu | ||
| 245 |
_aBharatheeya sahitya ka bhavsamsar/ _cby Aarsu and Parismitha Bardalai |
||
| 260 |
_aAllahabad: _bJaibharathi Prakashan, _c2012. |
||
| 300 | _a343p. | ||
| 650 | _aEssays Hindi | ||
| 650 | _aLiterature Hindi | ||
| 650 | _aLiterature | ||
| 700 | _aParismitha Bardalai | ||
| 942 | _cBK | ||
| 999 |
_c60469 _d60469 |
||